01121nam a2200229 i 4500001000700000003000900007005001700016008004100033080001900074100003800093245028600131250001200417260009100429300002000520490004900540650002800589700005000617830005700667852002200724999001900746952012600765183364ES-MaACL20240125063158.0140331s1932 sp | |||| ||spa d a616.851.1(047)1 aFreud, Sigmund,d1856-193995254710aHistoriales clínicos. n2, pUn caso de neurosis obsesiva ; Observaciones psicoanáliticas sobre un caso de paranoia autobiográficamente descrito ; Historia de una neurosis infantil / cSigmund Freud ; traducción directa del alemán de Luis López-Ballesteros y de Torres. a1ª ed. aMadrid : bBiblioteca Nueva, c1932 (eSegovia : fEst. tip. El Adelantado de Segovia) a1 v. ; c22 cm.1 aObras completas del profesor S. Freud ; v1604aPsicoanálisis.9165301 aLópez-Ballesteros y de Torres, Luis.9734320 aObras completas del profesor S. Freud ; v169191914 aES-MaACLjC-21038 c183364d183364 00104070aATENEOMbATENEOMcGaleríad2014-03-31eSCl0oC-21038p1192730r2023-02-23 00:00:00w2023-02-23yMONOGRAFIA